Engineering Chemistry. (Record no. 14743)
[ view plain ]
| 000 -LEADER | |
|---|---|
| fixed length control field | 00369nam a22001457a 4500 |
| 020 ## - INTERNATIONAL STANDARD BOOK NUMBER | |
| ISBN | 9789380578590 |
| 082 ## - DEWEY DECIMAL CLASSIFICATION NUMBER | |
| Classification number | 540.0162 |
| Item number | GAD/EN |
| 100 ## - MAIN ENTRY--AUTHOR NAME | |
| Personal name | Gadag R.V. |
| 100 ## - MAIN ENTRY--AUTHOR NAME | |
| Personal name | Shetty,Nityanada |
| 245 ## - TITLE STATEMENT | |
| Title | Engineering Chemistry. |
| 250 ## - EDITION STATEMENT | |
| Edition statement | 2 nd |
| 260 ## - PUBLICATION, DISTRIBUTION, ETC. (IMPRINT) | |
| Place of publication | New Delhi |
| Name of publisher | I.K. International Publishing House Pvt. Ltd. |
| Year of publication | 2010 |
| 300 ## - PHYSICAL DESCRIPTION | |
| Number of Pages | 307 |
| 942 ## - ADDED ENTRY ELEMENTS (KOHA) | |
| Koha item type | Book Bank scheme for SC students |
| Withdrawn status | Lost status | Damaged status | Collection code | Home library | Current library | Shelving location | Date acquired | Source of acquisition | Cost, normal purchase price | Full call number | Accession Number | Koha item type |
|---|---|---|---|---|---|---|---|---|---|---|---|---|
| KAUAET | KAUAET | Scheme | 26/08/2016 | Dream Tech Publishers & Book Sellers, Trivandrum. | 195.00 | 540.0162 GAD/EN | BB 280 | Book Bank scheme for SC students |
